000 00358 a2200157 4500
001 182692
020 _a85-902652-1-8
040 _cMagnum
100 _aGarcia, Auxiliadora Magalhães
240 1 0 _aA mulher que pariu Mateus
_lpor
245 1 0 _aA mulher que pariu Mateus
300 _a219
362 0 _a2002
697 _aLITERATURA GERAL
942 _cBK
999 _c182692
_d182692